LEADER 01227nam0 22003131i 450 001 UON00071063 005 20231205102351.126 100 $a20020107d1981 |0itac50 ba 101 $aita 102 $aIT 105 $a|||| ||||| 200 1 $aRegni africani$fLucy Mair 205 $aMilano : Feltrinelli$b1981 210 $a191 p.$a23 cm 215 $aTit. orig.: African kingdoms 316 $aData inesatta$5IT-UONSI AFRGEN/0414 410 1$1001UON00066164$12001 $aˆL'‰avventura umana. -1-$v4 500 1$3UON00358847$aAfrican kingdoms$918890 606 $aRegni Africani$3UONC018492$2FI 620 $aIT$dMilano$3UONL000005 676 $a321.0096$cStato - Africa$v21 700 1$aMAIR$bLucy$3UONV045990$0136845 712 $aFeltrinelli$3UONV246160$4650 801 $aIT$bSOL$c20250704$gRICA 912 $aUON00071063 950 $aSIBA - SISTEMA BIBLIOTECARIO DI ATENEO$dSI GEN 0414 $eSI AA 4591 5 0414 Data inesatta 950 $aSIBA - SISTEMA BIBLIOTECARIO DI ATENEO$dSI B A 0420 $eSI SC 10870 5 0420 996 $aAfrican kingdoms$918890 997 $aUNIOR